Fundamentals of data structures in C++ (Record no. 1114)

MARC details
000 -LEADER
fixed length control field 00591 a2200193 4500
001 - CONTROL NUMBER
control field 067135
003 - CONTROL NUMBER IDENTIFIER
control field OSt
005 - DATE AND TIME OF LATEST TRANSACTION
control field 20211029150024.0
008 - FIXED-LENGTH DATA ELEMENTS--GENERAL INFORMATION
fixed length control field
082 ## - DEWEY DECIMAL CLASSIFICATION NUMBER
Classification number 005.133
Item number H78F
100 1# - MAIN ENTRY--PERSONAL NAME
Personal name Horowitz, Ellis
245 1# - TITLE STATEMENT
Title Fundamentals of data structures in C++
Statement of responsibility, etc by Ellis Horowitz and Sartaj Sahni
250 ## - EDITION STATEMENT
Edition statement 2nd ed.
260 ## - PUBLICATION, DISTRIBUTION, ETC. (IMPRINT)
Place of publication, distribution, etc Hyderabad
Name of publisher, distributor, etc University Press
Date of publication, distribution, etc 2007
300 ## - PHYSICAL DESCRIPTION
Extent 694p.
690 ## - LOCAL SUBJECT ADDED ENTRY--TOPICAL TERM (OCLC, RLIN)
Topical term or geographic name as entry element Data structures (Computer science); C (Computer program language); Pascal (Computer program language)
700 ## - ADDED ENTRY--PERSONAL NAME
Personal name Sahni, Sartaj
942 ## - ADDED ENTRY ELEMENTS (KOHA)
Source of classification or shelving scheme Dewey Decimal Classification
Koha item type Books
Holdings
Withdrawn status Lost status Source of classification or shelving scheme Damaged status Not for loan Collection code Home library Current library Date acquired Source of acquisition Cost, normal purchase price Total Checkouts Full call number Barcode Date last seen Date checked out Price effective from Koha item type
    Dewey Decimal Classification     General Text Book Central University Of Rajasthan Central University Of Rajasthan 07/03/2012 CSC 375.00 4 005.133 H78F 1421 18/02/2025 21/01/2025 02/09/2020 Books